<?xml version="1.0" encoding="UTF-8"?>
<record
    xmlns:xsi="http://www.w3.org/2001/XMLSchema-instance"
    xsi:schemaLocation="http://www.loc.gov/MARC21/slim http://www.loc.gov/standards/marcxml/schema/MARC21slim.xsd"
    xmlns="http://www.loc.gov/MARC21/slim">

  <leader>04435njm a2200637Ia 4500</leader>
  <controlfield tag="001">B9582</controlfield>
  <controlfield tag="003">IT-RoPAU</controlfield>
  <controlfield tag="005">20220918181115.0</controlfield>
  <controlfield tag="008">131025s9999    xx            000 0 und d</controlfield>
  <datafield tag="040" ind1=" " ind2=" ">
    <subfield code="a">IT-RoPAU</subfield>
  </datafield>
  <datafield tag="040" ind1=" " ind2=" ">
    <subfield code="c">IT-RoPAU</subfield>
  </datafield>
  <datafield tag="999" ind1=" " ind2=" ">
    <subfield code="c">99334</subfield>
    <subfield code="d">99334</subfield>
  </datafield>
  <datafield tag="999" ind1=" " ind2=" ">
    <subfield code="b">n.d.</subfield>
  </datafield>
  <datafield tag="100" ind1=" " ind2=" ">
    <subfield code="a">AA.VV.</subfield>
    <subfield code="9">794</subfield>
  </datafield>
  <datafield tag="100" ind1=" " ind2=" ">
    <subfield code="e">Autore musica</subfield>
    <subfield code="9">29487</subfield>
  </datafield>
  <datafield tag="100" ind1=" " ind2=" ">
    <subfield code="g">Codice autore musica SPICS: 12000</subfield>
    <subfield code="9">796</subfield>
  </datafield>
  <datafield tag="245" ind1=" " ind2=" ">
    <subfield code="a">Loose Walk</subfield>
  </datafield>
  <datafield tag="250" ind1=" " ind2=" ">
    <subfield code="a">2a ed.</subfield>
  </datafield>
  <datafield tag="260" ind1=" " ind2=" ">
    <subfield code="a">MILANO</subfield>
  </datafield>
  <datafield tag="260" ind1=" " ind2=" ">
    <subfield code="b">RUSCONI</subfield>
    <subfield code="c">1993 [1a Ed.:0]</subfield>
  </datafield>
  <datafield tag="300" ind1=" " ind2=" ">
    <subfield code="a">COMPACT DISC</subfield>
  </datafield>
  <datafield tag="300" ind1=" " ind2=" ">
    <subfield code="c">68 minuti (Testo: 0 pag.)</subfield>
  </datafield>
  <datafield tag="500" ind1=" " ind2=" ">
    <subfield code="a">Musica jazz. Compact fuori commercio allegato al n. 11 1993 della rivista "Musica jazz".</subfield>
  </datafield>
  <datafield tag="505" ind1=" " ind2=" ">
    <subfield code="a">Blues Up and Down [(New York, 10 marzo 1951) (8:00)] - Ain't Misbehavin [(New York, 10 marzo 1951) (4:00)] - After You'Ve Gone [(New York, 10 marzo 1951) (3:00)] - My Melancholy Baby [(Boston, inizi 1954) (4:00)] - I'm In the Mood For Love [(Boston, inizi 1954) (3:00)] - Stompin At Savoy [(New York, dicembre 1955) (3:00)] - Blues After Dark [(Inghilterra, maggio 1958) (4:00)] - Lover Man [ (Inghilterra, maggio 1958) (4:00)] - Au Privave [(Berlino, 24 settembre 1964) (15:00)] - Loose Walk [(Berlino, 24 settembre 1964) (7:00)] - Tenderly [(New York, 24 marzo 1966) (5:00)] - Old Folks [(New York, 24 marzo 1966) (3:00)] - Au Privave [(New York, 24 marzo 1966) (5:00)]</subfield>
    <subfield code="g"> </subfield>
  </datafield>
  <datafield tag="511" ind1=" " ind2=" ">
    <subfield code="a">Massey Bill: tr; Marcus Wade: trne; Stitt Sonny: ten; Ammons Gene: ten; Mance Junior: p; Ramey Gene: cb; Stewart Teddy: batt</subfield>
  </datafield>
  <datafield tag="511" ind1=" " ind2=" ">
    <subfield code="a">Stitt Sonny: alto; Earle Dean: p; Griggs Bernie: cb; Foster Marquis: batt</subfield>
  </datafield>
  <datafield tag="511" ind1=" " ind2=" ">
    <subfield code="a">Severinsen Doc: tr; Mussulli Boots: alto; Stitt Sonny: ten; Chaloff Serge: bar; Santisi Ray: p; Evans Everett: cb; Zitano Jummy: batt.</subfield>
  </datafield>
  <datafield tag="511" ind1=" " ind2=" ">
    <subfield code="a">Gillespie Dizzy: tr; Stitt Sonny: ten; Levy Lou: p; Brown Ray: cb; Johnson Gus: batt</subfield>
  </datafield>
  <datafield tag="511" ind1=" " ind2=" ">
    <subfield code="a">Stitt Sonny: alto; Levy Lou: p; Brown Ray: cb; Johnson Gus: batt</subfield>
  </datafield>
  <datafield tag="511" ind1=" " ind2=" ">
    <subfield code="a">Stitt Sonny: alto; Kirk Roland: sassofoni; Montoliu Tete: p; Woode Jimmy: cb; Potter Tommy: cb; Clarke Kenny: batt</subfield>
  </datafield>
  <datafield tag="511" ind1=" " ind2=" ">
    <subfield code="a">Stitt Sonny: ten; Tyner McCoy: p; Booker Walter: cb; Roker Mickeu: batt</subfield>
  </datafield>
  <datafield tag="650" ind1=" " ind2=" ">
    <subfield code="a">JAZZ [COMPACT DISC]</subfield>
    <subfield code="e">Codice MATERIA SPICS: 9949</subfield>
    <subfield code="9">11822</subfield>
  </datafield>
  <datafield tag="700" ind1=" " ind2=" ">
    <subfield code="a">Stitt Sonny</subfield>
    <subfield code="g">Codice interprete SPICS: 8249</subfield>
    <subfield code="e">Interprete</subfield>
    <subfield code="9">29488</subfield>
  </datafield>
  <datafield tag="700" ind1=" " ind2=" ">
    <subfield code="a">Ammons Gene</subfield>
    <subfield code="g">Codice autore musica SPICS: 16478</subfield>
    <subfield code="e">Autore musica</subfield>
    <subfield code="p">Blues Up and Down</subfield>
    <subfield code="9">29489</subfield>
  </datafield>
  <datafield tag="700" ind1=" " ind2=" ">
    <subfield code="a">Razaf Andy</subfield>
    <subfield code="g">Codice autore musica SPICS: 10573</subfield>
    <subfield code="e">Autore musica</subfield>
    <subfield code="p">Ain't Misbehavin</subfield>
    <subfield code="9">29490</subfield>
  </datafield>
  <datafield tag="700" ind1=" " ind2=" ">
    <subfield code="a">Waller Thomas Fats</subfield>
    <subfield code="g">Codice autore SPICS: 15948</subfield>
    <subfield code="e">Autore</subfield>
    <subfield code="p">Ain't Misbehavin</subfield>
    <subfield code="9">29491</subfield>
  </datafield>
  <datafield tag="700" ind1=" " ind2=" ">
    <subfield code="a">Creamer H.</subfield>
    <subfield code="g">Codice autore musica SPICS: 16398</subfield>
    <subfield code="e">Autore musica</subfield>
    <subfield code="p">After You'Ve Gone</subfield>
    <subfield code="9">29492</subfield>
  </datafield>
  <datafield tag="700" ind1=" " ind2=" ">
    <subfield code="a">Layton T.</subfield>
    <subfield code="g">Codice autore SPICS: 16399</subfield>
    <subfield code="e">Autore</subfield>
    <subfield code="p">After You'Ve Gone</subfield>
    <subfield code="9">29493</subfield>
  </datafield>
  <datafield tag="700" ind1=" " ind2=" ">
    <subfield code="a">Burnett E.</subfield>
    <subfield code="g">Codice autore musica SPICS: 20661</subfield>
    <subfield code="e">Autore musica</subfield>
    <subfield code="p">My Melancholy Baby</subfield>
    <subfield code="9">29494</subfield>
  </datafield>
  <datafield tag="700" ind1=" " ind2=" ">
    <subfield code="a">Norton G.</subfield>
    <subfield code="g">Codice autore SPICS: 35879</subfield>
    <subfield code="e">Autore</subfield>
    <subfield code="p">My Melancholy Baby</subfield>
    <subfield code="9">29495</subfield>
  </datafield>
  <datafield tag="700" ind1=" " ind2=" ">
    <subfield code="a">McHugh Jimmy</subfield>
    <subfield code="g">Codice autore musica SPICS: 16297</subfield>
    <subfield code="e">Autore musica</subfield>
    <subfield code="p">I'm In the Mood For Love</subfield>
    <subfield code="9">29496</subfield>
  </datafield>
  <datafield tag="700" ind1=" " ind2=" ">
    <subfield code="a">Fields I.</subfield>
    <subfield code="g">Codice autore SPICS: 28603</subfield>
    <subfield code="e">Autore</subfield>
    <subfield code="p">I'm In the Mood For Love</subfield>
    <subfield code="9">29497</subfield>
  </datafield>
  <datafield tag="700" ind1=" " ind2=" ">
    <subfield code="a">Sampson D.</subfield>
    <subfield code="g">Codice autore musica SPICS: 29331</subfield>
    <subfield code="e">Autore musica</subfield>
    <subfield code="p">Stompin At Savoy</subfield>
    <subfield code="9">29498</subfield>
  </datafield>
  <datafield tag="700" ind1=" " ind2=" ">
    <subfield code="a">Webb Roy</subfield>
    <subfield code="g">Codice autore SPICS: 30747</subfield>
    <subfield code="e">Autore</subfield>
    <subfield code="p">Stompin At Savoy</subfield>
    <subfield code="9">29499</subfield>
  </datafield>
  <datafield tag="700" ind1=" " ind2=" ">
    <subfield code="a">Goodman Andrew</subfield>
    <subfield code="g">Codice autore testo/musica SPICS: 6610</subfield>
    <subfield code="e">Autore testo/musica</subfield>
    <subfield code="p">Stompin At Savoy</subfield>
    <subfield code="9">29500</subfield>
  </datafield>
  <datafield tag="700" ind1=" " ind2=" ">
    <subfield code="a">Golson Benny</subfield>
    <subfield code="g">Codice autore musica SPICS: 28243</subfield>
    <subfield code="e">Autore musica</subfield>
    <subfield code="p">Blues After Dark</subfield>
    <subfield code="9">29501</subfield>
  </datafield>
  <datafield tag="700" ind1=" " ind2=" ">
    <subfield code="a">Davis</subfield>
    <subfield code="g">Codice autore musica SPICS: 20478</subfield>
    <subfield code="e">Autore musica</subfield>
    <subfield code="p">Lover Man</subfield>
    <subfield code="9">29502</subfield>
  </datafield>
  <datafield tag="700" ind1=" " ind2=" ">
    <subfield code="a">Ramirez</subfield>
    <subfield code="g">Codice autore SPICS: 20479</subfield>
    <subfield code="e">Autore</subfield>
    <subfield code="p">Lover Man</subfield>
    <subfield code="9">29503</subfield>
  </datafield>
  <datafield tag="700" ind1=" " ind2=" ">
    <subfield code="a">Sherman</subfield>
    <subfield code="g">Codice autore testo/musica SPICS: 24140</subfield>
    <subfield code="e">Autore testo/musica</subfield>
    <subfield code="p">Lover Man</subfield>
    <subfield code="9">29504</subfield>
  </datafield>
  <datafield tag="700" ind1=" " ind2=" ">
    <subfield code="a">Parker Charlie (B.)</subfield>
    <subfield code="g">Codice autore musica SPICS: 10799</subfield>
    <subfield code="e">Autore musica</subfield>
    <subfield code="p">Au Privave - Au Privave</subfield>
    <subfield code="9">29505</subfield>
  </datafield>
  <datafield tag="700" ind1=" " ind2=" ">
    <subfield code="a">Stitt Sonny</subfield>
    <subfield code="g">Codice autore musica SPICS:  8249</subfield>
    <subfield code="e">Autore musica</subfield>
    <subfield code="p">Loose Walk</subfield>
    <subfield code="9">29506</subfield>
  </datafield>
  <datafield tag="700" ind1=" " ind2=" ">
    <subfield code="a">Lawrence</subfield>
    <subfield code="g">Codice autore musica SPICS: 20267</subfield>
    <subfield code="e">Autore musica</subfield>
    <subfield code="p">Tenderly</subfield>
    <subfield code="9">29507</subfield>
  </datafield>
  <datafield tag="700" ind1=" " ind2=" ">
    <subfield code="a">Gross</subfield>
    <subfield code="g">Codice autore SPICS: 20511</subfield>
    <subfield code="e">Autore</subfield>
    <subfield code="p">Tenderly</subfield>
    <subfield code="9">29508</subfield>
  </datafield>
  <datafield tag="700" ind1=" " ind2=" ">
    <subfield code="a">Hill Alette</subfield>
    <subfield code="g">Codice autore musica SPICS: 19329</subfield>
    <subfield code="e">Autore musica</subfield>
    <subfield code="p">Old Folks</subfield>
    <subfield code="9">29509</subfield>
  </datafield>
  <datafield tag="700" ind1=" " ind2=" ">
    <subfield code="a">Robinson</subfield>
    <subfield code="g">Codice autore SPICS: 19976</subfield>
    <subfield code="e">Autore</subfield>
    <subfield code="p">Old Folks</subfield>
    <subfield code="9">29510</subfield>
  </datafield>
  <datafield tag="942" ind1=" " ind2=" ">
    <subfield code="c">CD</subfield>
    <subfield code="2">ddc</subfield>
  </datafield>
  <datafield tag="952" ind1=" " ind2=" ">
    <subfield code="0">0</subfield>
    <subfield code="1">0</subfield>
    <subfield code="4">0</subfield>
    <subfield code="6">B_9582_000000000000000</subfield>
    <subfield code="7">1</subfield>
    <subfield code="a">SPICS</subfield>
    <subfield code="b">SPICS</subfield>
    <subfield code="d">2013-10-25</subfield>
    <subfield code="l">0</subfield>
    <subfield code="o">B9582</subfield>
    <subfield code="r">2013-10-25 00:00:00</subfield>
    <subfield code="w">2013-10-25</subfield>
    <subfield code="y">CD</subfield>
    <subfield code="z">Progr. Ins.: 948 / N.Vol.: 1 / Copie: 1 - Copia rara: n.d. / date import: 01.01.2014 - By Epidotti, Trombetti, Vaglietti</subfield>
  </datafield>
</record>
